00466 2200193 4500001002100000005001500021035002000036245003900056100001300095250001100108300002800119260004000147082001000187084001600197020001800213650002100231990001000252990001000262INLIS00000000003137020201204105335 a0010-12200000721 aAnak Pintar Semester 1 /cRantinah0 aRantinah aCet. 1 a48 hlm :bilus ;c28 cm aKlaten :bPT. Intan Pariwara,c2014 a741.5 a741.5 RAN a a9789792816273 4aCerita Bergambar a49887 a49888